| 000 | 00978nam a2200313 i 4500 | ||
|---|---|---|---|
| 003 | DO-SdBNP | ||
| 005 | 20250514111519.0 | ||
| 007 | ta | ||
| 008 | 250514b2019 dr a|||| |||| 00| 0 spa d | ||
| 020 | _a9789504646167 | ||
| 040 |
_aDO-SdBNP _bspa _cBNPHU _erda |
||
| 041 | _aspa | ||
| 082 | 4 |
_axxx _bxxx _222 |
|
| 100 |
_aValentino, Esteban, _eautor _4aut. _975130 |
||
| 245 | 1 | 3 |
_aEl mono que piensa / _cEsteban Valentino |
| 250 | _aPrimera edición | ||
| 264 | 4 |
_aSanto Domingo : _bSantillana Infantil y Juvenil, S. L., _c©2019. |
|
| 300 |
_a145 páginas : _c20 cm. |
||
| 336 |
_atexto _btxt _2rdacontent |
||
| 337 |
_asin mediación _bn _2rdamedia |
||
| 338 |
_avolumen _bnc _2rdacarrier |
||
| 490 | _aColección Loqueleo | ||
| 490 |
_aSerie Narrativa Histórica _v12 |
||
| 590 | _aInventariado, 2025/BT | ||
| 700 |
_aTabaré _eilustrador _4il. _987766 |
||
| 830 |
_aColección Loqueleo _n12 _pSerie Narrativa Histórica _987767 |
||
| 910 | _aBtavárez | ||
| 942 |
_2ddc _cLBS1 |
||
| 999 |
_c59029 _d59029 |
||